[Event "Cracovia 2010"]
[Site "Krakow"]
[Date "2010.12.30"]
[Round "4.13"]
[White "Lach, Aleksandra"]
[Black "Mikrut, Dariusz"]
[Result "1/2-1/2"]
[WhiteElo "2206"]
[BlackElo "2372"]
[PlyCount "75"]
[EventDate "2010.??.??"]

1. d4 Nf6 2. c4 c5 3. d5 b5 4. cxb5 a6 5. b6 d6 6. Nc3 Qxb6 7. e4 g6 8. Be2 Bg7
9. Nf3 Bg4 10. Nd2 Bxe2 11. Qxe2 O-O 12. O-O Nbd7 13. f4 e6 14. Nc4 Qc7 15.
dxe6 fxe6 16. Kh1 Nb6 17. Nxd6 Qxd6 18. e5 Qc6 19. exf6 Bxf6 20. Ne4 Bd4 21.
Ng5 e5 22. fxe5 Qb5 23. Qxb5 axb5 24. Rxf8+ Rxf8 25. Nf3 Bxe5 26. Bh6 Bg7 27.
Bxg7 Kxg7 28. Re1 Na4 29. b3 Nc3 30. Ng5 Rf5 31. h4 h6 32. Ne6+ Kf6 33. Nc7 Re5
34. Ne8+ Ke6 35. Nc7+ Kd6 36. Ne8+ Kd5 37. Nc7+ Kd6 38. Ne8+ 1/2-1/2

[Event "Cracovia 2010"]
[Site "Krakow"]
[Date "2010.12.30"]
[Round "4.14"]
[White "Jasny, Stanislav"]
[Black "Skawinski, Arkadiusz"]
[Result "1-0"]
[WhiteElo "2351"]
[BlackElo "2249"]
[PlyCount "107"]
[EventDate "2010.??.??"]

1. e4 e6 2. d4 d5 3. Nc3 Bb4 4. e5 c5 5. a3 Bxc3+ 6. bxc3 Qa5 7. Bd2 Qa4 8. Qb1
c4 9. Nf3 Nc6 10. h4 Bd7 11. h5 O-O-O 12. g3 f6 13. Bg2 Nge7 14. Qb2 Rhf8 15.
h6 fxe5 16. hxg7 Rg8 17. Rxh7 exd4 18. cxd4 Rde8 19. Bg5 e5 20. Nxe5 Nxd4 21.
Kf1 Bf5 22. Qxd4 Bxh7 23. Bxe7 Rxe7 24. Bxd5 Rgxg7 25. Qc5+ Kd8 26. Qd6+ Rd7
27. Nxd7 Qxd7 28. Qb8+ Qc8 29. Qxc8+ Kxc8 30. Bxc4 Bxc2 31. Rc1 Bg6 32. Be6+
Kd8 33. Rc8+ Ke7 34. Rc7+ Kf6 35. Rxg7 Kxg7 36. Ke2 Kf6 37. Bc8 b5 38. f4 a5
39. Ke3 b4 40. axb4 axb4 41. Kd4 b3 42. Kc3 Bf7 43. g4 Bd5 44. Bf5 Kg7 45. Bd3
Kh6 46. Be2 Kg6 47. Bd1 Be6 48. Bf3 Bg8 49. Be4+ Kh6 50. Bf5 Bd5 51. Kd4 Bf7
52. Bd3 Bg8 53. g5+ Kh5 54. Ke4 1-0

[Event "Cracovia 2010"]
[Site "Krakow"]
[Date "2010.12.30"]
[Round "4.15"]
[White "Mertanen, Janne"]
[Black "Krasiewicz, Robert"]
[Result "1-0"]
[WhiteElo "2318"]
[BlackElo "2055"]
[PlyCount "79"]
[EventDate "2010.??.??"]

1. d4 f5 2. Nc3 Nf6 3. Bg5 d5 4. Bxf6 exf6 5. e3 Be6 6. Bd3 Nc6 7. a3 Qd7 8.
Nge2 O-O-O 9. Na4 g5 10. c3 h5 11. b4 Re8 12. b5 Nd8 13. Nc5 Bxc5 14. dxc5 Qe7
15. c6 Qc5 16. O-O Nf7 17. Nd4 Nd6 18. Qa4 Kb8 19. cxb7 Nxb7 20. Rfb1 Qb6 21.
Bxf5 Bxf5 22. Nxf5 Re4 23. Qd1 Qc5 24. Nd4 f5 25. Rb4 f4 26. Nc6+ Ka8 27. Rxe4
dxe4 28. Qd4 Qxd4 29. cxd4 Nd6 30. a4 Kb7 31. Rc1 Rf8 32. Rc5 fxe3 33. fxe3 Nf5
34. Na5+ Kb8 35. Nc4 a6 36. Re5 axb5 37. axb5 Kb7 38. b6 g4 39. Rc5 Rf7 40.
bxc7 1-0

[Event "Cracovia 2010"]
[Site "Krakow"]
[Date "2010.12.30"]
[Round "4.16"]
[White "Przezdziecka, Marta"]
[Black "Hartikainen, Markku"]
[Result "1/2-1/2"]
[WhiteElo "2249"]
[BlackElo "2314"]
[PlyCount "110"]
[EventDate "2010.??.??"]

1. d4 Nf6 2. Nf3 g6 3. c4 Bg7 4. Nc3 O-O 5. e4 d6 6. Be2 e5 7. O-O Nc6 8. d5
Ne7 9. Ne1 Nd7 10. f3 f5 11. g4 f4 12. g5 Kh8 13. h4 Ng8 14. Kg2 Rf7 15. Nd3
Bf8 16. Rh1 Be7 17. Qg1 h6 18. Kf1 Nf8 19. Ke1 Kg7 20. c5 hxg5 21. hxg5 Bxg5
22. Bd2 Bh4+ 23. Kd1 Bg3 24. Be1 Bxe1 25. Kxe1 g5 26. Nf2 Ng6 27. Kd2 dxc5 28.
Kc2 Bd7 29. Rd1 a6 30. d6 cxd6 31. Bc4 Rf8 32. Rh5 g4 33. Bxg8 g3 34. Bh7 Rf6
35. Nd3 Nf8 36. Bf5 Bxf5 37. exf5 Qc8 38. Ne4 Rxf5 39. Nxd6 Rxh5 40. Nxc8 Rxc8
41. Re1 Kf6 42. Kb1 Ne6 43. b4 Nd4 44. Qf1 b6 45. bxc5 bxc5 46. Nxf4 exf4 47.
Qxa6+ Rc6 48. Qa8 Rh7 49. Qf8+ Rf7 50. Qh6+ Kf5 51. Qh5+ Kf6 52. Qh8+ Kg6 53.
Qg8+ Rg7 54. Qe8+ Rf7 55. Qg8+ Rg7 1/2-1/2

[Event "Cracovia 2010"]
[Site "Krakow"]
[Date "2010.12.30"]
[Round "4.18"]
[White "Soffer, Ram"]
[Black "Kulon, Klaudia"]
[Result "1-0"]
[WhiteElo "2486"]
[BlackElo "2208"]
[PlyCount "115"]
[EventDate "2010.??.??"]

1. c4 c5 2. Nc3 Nf6 3. g3 d5 4. cxd5 Nxd5 5. Bg2 Nc7 6. Qb3 Nc6 7. Bxc6+ bxc6
8. Qa4 Qd7 9. Nf3 f6 10. d3 e5 11. Be3 Bb7 12. Rc1 Ne6 13. Ne4 Nd4 14. Bxd4
cxd4 15. Qb3 Qf7 16. Rc4 Rb8 17. O-O Be7 18. Qa4 a6 19. Nc5 Bxc5 20. Rxc5 O-O
21. Rfc1 Bc8 22. b3 Bd7 23. Ra5 Bc8 24. Qc4 Be6 25. Qxa6 Bd5 26. Nd2 Qh5 27.
Re1 Qh3 28. f3 Qh6 29. Nf1 Kh8 30. Qa7 f5 31. e4 dxe3 32. Nxe3 Bxf3 33. Nxf5
Qg6 34. Raxe5 Ra8 35. Qc5 Qg4 36. Ne3 Qh3 37. Rf5 Rxf5 38. Qxf5 Qxf5 39. Nxf5
g6 40. Nd4 Bd5 41. Re2 Rf8 42. Ne6 Rb8 43. Nf4 Bf7 44. Re7 Kg8 45. Ne6 Ra8 46.
Ng5 Bd5 47. Nxh7 Rxa2 48. Nf6+ Kf8 49. Nxd5 cxd5 50. Re5 Rb2 51. Rxd5 Rxb3 52.
Kg2 Rb2+ 53. Kh3 Rd2 54. Rd7 Kg8 55. g4 Kf8 56. Kg3 Kg8 57. h4 Kf8 58. Kf4 1-0

[Event "Cracovia 2010"]
[Site "Krakow"]
[Date "2010.12.30"]
[Round "4.19"]
[White "Nguyen, Piotr"]
[Black "Obrusnik, Michal"]
[Result "1/2-1/2"]
[WhiteElo "2394"]
[BlackElo "2204"]
[PlyCount "73"]
[EventDate "2010.??.??"]

1. c4 c5 2. g3 Nc6 3. Bg2 g6 4. e3 Bg7 5. Ne2 e5 6. Nbc3 Nge7 7. O-O O-O 8. a3
d6 9. Rb1 Be6 10. Nd5 Rb8 11. b4 cxb4 12. axb4 b5 13. Nxe7+ Nxe7 14. cxb5 Rxb5
15. Ba3 Rb8 16. d3 Ba2 17. Rb2 Bd5 18. Qa4 Qb6 19. Rc1 Rfc8 20. Rbc2 Rxc2 21.
Rxc2 Bxg2 22. Kxg2 Bf8 23. Kg1 Nd5 24. Rc6 Qb5 25. Qxb5 Rxb5 26. Rc4 a5 27.
bxa5 Rxa5 28. Bc1 Ra2 29. Kf1 Nb6 30. Rc6 Nd5 31. e4 Nb4 32. Rc8 Kg7 33. d4
exd4 34. Nxd4 d5 35. exd5 Nxd5 36. Kg2 Be7 37. Nf3 1/2-1/2

[Event "Cracovia 2010"]
[Site "Krakow"]
[Date "2010.12.30"]
[Round "4.20"]
[White "Strzemiecki, Zbigniew"]
[Black "Jakubiec, Edyta"]
[Result "1-0"]
[WhiteElo "2367"]
[BlackElo "2189"]
[PlyCount "125"]
[EventDate "2010.??.??"]

1. e4 c5 2. Nf3 d6 3. d4 cxd4 4. Qxd4 a6 5. Be3 Nc6 6. Qd2 Nf6 7. Nc3 g6 8.
O-O-O Bg7 9. Nd5 O-O 10. Bb6 Qd7 11. Bd3 Nxd5 12. exd5 Ne5 13. Nxe5 dxe5 14. c4
e6 15. Bc2 exd5 16. cxd5 a5 17. Kb1 Qb5 18. Qe3 Bd7 19. Qc5 Qxc5 20. Bxc5 Rfc8
21. Be3 b5 22. Bd3 Bf8 23. f4 e4 24. Be2 Bd6 25. Rc1 f5 26. g3 a4 27. Bd4 Kf7
28. a3 Rcb8 29. Be5 Ke7 30. Ka2 Ra5 31. Rhd1 b4 32. axb4 Rxb4 33. Bc3 a3 34. b3
Ra7 35. Bxb4 Bxb4 36. Rd4 Bd6 37. b4 h6 38. b5 g5 39. fxg5 hxg5 40. g4 Bxh2 41.
gxf5 Bxf5 42. b6 Rb7 43. Rc6 Bg1 44. Rb4 Rb8 45. b7 Bh2 46. Bg4 Bxg4 47. Rxe4+
Kd7 48. Rxg4 Bf4 49. Rg1 Rxb7 50. Rh1 Rb2+ 51. Kxa3 Rh2 52. Rd1 Bd6+ 53. Kb3
Rh3+ 54. Kc4 Rh4+ 55. Kd3 Be5 56. Ke3 Bf4+ 57. Kf3 Rh3+ 58. Kg4 Rg3+ 59. Kf5
Re3 60. Kf6 Re2 61. Rb1 Rd2 62. Rb7+ Kd8 63. Ra6 1-0

[Event "Cracovia 2010"]
[Site "Krakow"]
[Date "2010.12.30"]
[Round "4.21"]
[White "Chrzaszcz, Malvina"]
[Black "Grinev, Valeriy"]
[Result "0-1"]
[WhiteElo "2054"]
[BlackElo "2361"]
[PlyCount "102"]
[EventDate "2010.??.??"]

1. e4 c6 2. d4 d5 3. Nc3 dxe4 4. Nxe4 Nf6 5. Nxf6+ gxf6 6. Bc4 Bf5 7. Ne2 e6 8.
c3 Bd6 9. Bf4 Rg8 10. Qd2 Qc7 11. Bxd6 Qxd6 12. Ng3 Bg6 13. h4 h5 14. O-O-O Nd7
15. Bd3 O-O-O 16. Kb1 Bxd3+ 17. Qxd3 f5 18. Qf3 Qd5 19. Qxd5 cxd5 20. Rhg1 Rg4
21. Nxh5 Rh8 22. Ng3 Rgxh4 23. Rh1 Rh2 24. Rdg1 Nf6 25. f3 Kd7 26. Kc2 Rxh1 27.
Nxh1 Nh5 28. Nf2 Ng3 29. Kd3 f6 30. f4 b5 31. Ke3 a5 32. Kf3 Rg8 33. Nd3 Kd6
34. Nc5 Rg7 35. Nb3 a4 36. Nd2 Ne4 37. Nf1 a3 38. bxa3 Rc7 39. Ne3 Rxc3 40. g4
fxg4+ 41. Rxg4 Rxa3 42. Rg2 Nc3 43. Rb2 Nd1 44. Rb3 Rxb3 45. axb3 Nxe3 46. Kxe3
e5 47. dxe5+ fxe5 48. fxe5+ Kxe5 49. Kd3 d4 50. Kd2 Ke4 51. Ke2 d3+ 0-1

[Event "Cracovia 2010"]
[Site "Krakow"]
[Date "2010.12.30"]
[Round "4.22"]
[White "Veltkamp, Gerben"]
[Black "Kalvaitis, Sigitas"]
[Result "0-1"]
[WhiteElo "2171"]
[BlackElo "2327"]
[PlyCount "80"]
[EventDate "2010.??.??"]

1. c4 c5 2. Nc3 Nc6 3. g3 b6 4. Bg2 Bb7 5. a3 e6 6. Rb1 Qc8 7. d3 Nf6 8. e4 Be7
9. f4 d6 10. Nf3 h5 11. b4 Nd7 12. h4 Nf6 13. b5 Nd4 14. Nxd4 cxd4 15. Ne2 Ng4
16. O-O Qc5 17. f5 e5 18. Qb3 Qc7 19. Bd2 Qd8 20. Be1 Ne3 21. Rf3 Bf6 22. Bh3
Qd7 23. Kh2 Bc8 24. Ng1 Bb7 25. Bd2 Ng4+ 26. Kg2 O-O-O 27. a4 Kc7 28. a5 Rdg8
29. Rff1 g5 30. fxg6 Rxg6 31. axb6+ axb6 32. c5 dxc5 33. Bg5 Bxg5 34. hxg5 Rh7
35. Rf3 Rxg5 36. Rbf1 f5 37. Kh1 Ne3 38. Rxe3 dxe3 39. Nf3 Rxg3 40. Bxf5 e2 0-1

[Event "Cracovia 2010"]
[Site "Krakow"]
[Date "2010.12.30"]
[Round "4.23"]
[White "Rawicz, Karol"]
[Black "Martynov, Pavel"]
[Result "0-1"]
[WhiteElo "2300"]
[BlackElo "2183"]
[PlyCount "80"]
[EventDate "2010.??.??"]

1. d4 Nf6 2. c4 g6 3. Nf3 Bg7 4. g3 O-O 5. Bg2 d6 6. O-O Nc6 7. Nc3 a6 8. d5
Na5 9. Nd2 c5 10. Qc2 Rb8 11. b3 b5 12. Bb2 e5 13. dxe6 fxe6 14. Rab1 Bb7 15.
Bxb7 Rxb7 16. Rfd1 Nc6 17. Nce4 Nd4 18. Bxd4 cxd4 19. Nf3 e5 20. Nfg5 Qe7 21.
Nxf6+ Bxf6 22. Ne4 Rc7 23. Qd3 Bg7 24. e3 Rfc8 25. exd4 exd4 26. Nd2 Qd7 27.
Qe4 Rc5 28. Re1 d5 29. cxd5 Qxd5 30. Qxd5+ Rxd5 31. Rbc1 Rdc5 32. Re8+ Rxe8 33.
Rxc5 Bh6 34. Nf3 Rd8 35. Kf1 d3 36. Ke1 Rf8 37. Ne5 d2+ 38. Kd1 Rxf2 39. Rc8+
Kg7 40. Rc7+ Kf8 0-1

[Event "Cracovia 2010"]
[Site "Krakow"]
[Date "2010.12.30"]
[Round "4.24"]
[White "Duda, Jan-Krzysztof"]
[Black "Koykka, Pekka"]
[Result "1-0"]
[WhiteElo "2247"]
[BlackElo "2142"]
[PlyCount "75"]
[EventDate "2010.??.??"]

1. e4 e6 2. d4 d5 3. Nc3 Bb4 4. e5 c5 5. a3 Bxc3+ 6. bxc3 Qc7 7. Qg4 f6 8. Nf3
c4 9. Be2 Nc6 10. Qg3 Qf7 11. a4 Nge7 12. Ba3 Nf5 13. Qh3 Nfe7 14. O-O Bd7 15.
Qg4 O-O-O 16. Qf4 Nf5 17. Qc1 Kb8 18. a5 Ka8 19. Qb2 Bc8 20. Rfb1 Qc7 21. Bc5
Rdg8 22. Ra2 h5 23. Bb6 Qb8 24. Qa3 a6 25. Qc5 fxe5 26. dxe5 Bd7 27. Rab2 Rc8
28. Qa3 Nxe5 29. Nd4 Qd6 30. Rb4 Ng4 31. g3 e5 32. Nxf5 Bxf5 33. Qc1 h4 34. Qg5
Qe6 35. Bxg4 Bxg4 36. Be3 d4 37. Rxb7 dxe3 38. Qxe3 1-0

[Event "Cracovia 2010"]
[Site "Krakow"]
[Date "2010.12.30"]
[Round "4.25"]
[White "Wcislo, Damian"]
[Black "Gawronski, Lukasz"]
[Result "1-0"]
[WhiteElo "2219"]
[BlackElo "2043"]
[PlyCount "57"]
[EventDate "2010.??.??"]

1. d4 Nf6 2. c4 g6 3. g3 d5 4. Bg2 c6 5. Nf3 Bg7 6. O-O O-O 7. Nc3 Ne4 8. Qb3
dxc4 9. Qxc4 Nd6 10. Qd3 b6 11. Ne5 Qc7 12. Bf4 Ba6 13. Qc2 f6 14. Nxc6 Nxc6
15. Nd5 Qd7 16. Qxc6 Qxc6 17. Nxe7+ Kh8 18. Nxc6 Nf5 19. Rfe1 Rae8 20. e4 Nh6
21. d5 Nf7 22. Rad1 g5 23. Bc7 Rc8 24. d6 Nxd6 25. Bxd6 Rxc6 26. Bxf8 Bxf8 27.
Rd8 Kg7 28. Rd7+ Kg6 29. Bh3 1-0

[Event "Cracovia 2010"]
[Site "Krakow"]
[Date "2010.12.30"]
[Round "4.26"]
[White "Jacko-jun., Vladimir"]
[Black "Gbyl, Andrzej"]
[Result "0-1"]
[WhiteElo "2163"]
[BlackElo "2286"]
[PlyCount "70"]
[EventDate "2010.??.??"]

1. d4 Nf6 2. Bg5 d5 3. Nd2 c6 4. Ngf3 Bf5 5. e3 Nbd7 6. Nh4 Bg4 7. f3 Bh5 8. g4
Bg6 9. Nxg6 hxg6 10. Bf4 e6 11. Bd3 Qb6 12. a4 a5 13. Nb3 Be7 14. h4 Bd8 15. e4
dxe4 16. fxe4 Bc7 17. Bxc7 Qxc7 18. Qf3 e5 19. c3 Qd6 20. O-O-O Qe6 21. g5 Qxb3
22. gxf6 gxf6 23. Bc2 Qe6 24. d5 cxd5 25. Rxd5 Nb6 26. Rb5 Kf8 27. Bb3 Qc6 28.
Rf1 Kg7 29. Rg1 Nc4 30. h5 Nd6 31. Rd5 Qb6 32. Qg4 Rxh5 33. Rxd6 Qe3+ 34. Rd2
Rg5 35. Qd7 Rxg1+ 0-1

[Event "Cracovia 2010"]
[Site "Krakow"]
[Date "2010.12.30"]
[Round "4.27"]
[White "Odnorozhenko, Evgenyi"]
[Black "Pirverdiyev, Aqil Kamran Oglu"]
[Result "1-0"]
[WhiteElo "2333"]
[BlackElo "2116"]
[PlyCount "83"]
[EventDate "2010.??.??"]

1. d4 Nf6 2. c4 e6 3. Nf3 b6 4. e3 Bb7 5. Bd3 Be7 6. O-O O-O 7. Nc3 d5 8. b3 c5
9. Bb2 cxd4 10. exd4 Nc6 11. Qe2 Rc8 12. Rad1 dxc4 13. bxc4 Nb4 14. Bb1 Bxf3
15. gxf3 Bd6 16. a3 Na6 17. c5 Bb8 18. Ne4 Qc7 19. Ng3 Qb7 20. d5 Nxc5 21. Bxf6
gxf6 22. Kh1 Bxg3 23. Rg1 Kh8 24. Rxg3 Rg8 25. Rh3 Rg7 26. Qc4 f5 27. Qh4 Nb3
28. Qf6 Kg8 29. dxe6 Nd2 30. Ba2 Qc7 31. exf7+ Kf8 32. Qd4 Rd8 33. Qb4+ Rd6 34.
Rg3 Rxg3 35. hxg3 a5 36. Qb2 Rh6+ 37. Kg2 Nc4 38. Qh8+ Kxf7 39. Bxc4+ Qxc4 40.
Rd7+ Kg6 41. Qe8+ Kf6 42. Rd6+ 1-0

[Event "Cracovia 2010"]
[Site "Krakow"]
[Date "2010.12.30"]
[Round "4.28"]
[White "Sadikhov, Ulvi Ramil Oglu"]
[Black "Wandzik, Wojciech"]
[Result "0-1"]
[WhiteElo "2115"]
[BlackElo "2241"]
[PlyCount "114"]
[EventDate "2010.??.??"]

1. e4 c5 2. Nf3 e6 3. d4 cxd4 4. Nxd4 Nf6 5. Nc3 Nc6 6. Ndb5 Bc5 7. Bf4 O-O 8.
Bc7 Qe7 9. Bd6 Bxd6 10. Qxd6 Ne8 11. Qxe7 Nxe7 12. O-O-O f5 13. f3 fxe4 14.
Nxe4 d5 15. Ned6 Nxd6 16. Nxd6 Rd8 17. Nxc8 Raxc8 18. f4 Nf5 19. Re1 Kf7 20.
Bd3 g6 21. Re5 h5 22. Rhe1 Rd6 23. g3 Nd4 24. R5e3 Rdc6 25. c3 Nf5 26. Bxf5
gxf5 27. Rd3 Rc4 28. Red1 h4 29. R1d2 Rh8 30. Rg2 hxg3 31. hxg3 Rh3 32. Kd2 Re4
33. Re3 Kg6 34. c4 dxc4 35. Rxe4 fxe4 36. Kc3 Kf5 37. Kxc4 Rh1 38. Re2 Rd1 39.
Re3 e5 40. fxe5 Kxe5 41. a4 Rd4+ 42. Kc3 Rxa4 43. Re1 Rd4 44. Re3 b5 45. b3 b4+
46. Kc2 Rd6 47. Re1 Rc6+ 48. Kb2 Kd4 49. g4 e3 50. g5 Kd3 51. Rd1+ Ke2 52. Rd5
Ke1 53. Re5 e2 54. Re8 Rg6 55. Re5 Kd2 56. Rd5+ Ke3 57. Re5+ Kd3 0-1

[Event "Cracovia 2010"]
[Site "Krakow"]
[Date "2010.12.30"]
[Round "4.29"]
[White "Bukojemski, Adam"]
[Black "Izzat, Kanan Azar Oglu"]
[Result "1-0"]
[WhiteElo "2240"]
[BlackElo "2112"]
[PlyCount "61"]
[EventDate "2010.??.??"]

1. e4 c6 2. d4 d5 3. f3 dxe4 4. fxe4 e5 5. Nf3 Be6 6. dxe5 Qb6 7. Bd3 Bc5 8.
Qe2 Nd7 9. c3 Qc7 10. Nbd2 O-O-O 11. Nb3 Bxb3 12. axb3 Nxe5 13. Nxe5 Qxe5 14.
b4 Bb6 15. Rf1 Nf6 16. Bf4 Qe7 17. O-O-O Rhe8 18. e5 Nd5 19. Qg4+ Kb8 20. e6+
Ka8 21. exf7 Qxf7 22. Bg5 Nf6 23. Qh4 Qa2 24. Qc4 Qa4 25. Kb1 Re4 26. Qf7 Rxd3
27. Rxd3 a6 28. Bxf6 Re2 29. Rc1 gxf6 30. Qh5 Rxg2 31. Qh3 1-0

[Event "Cracovia 2010"]
[Site "Krakow"]
[Date "2010.12.30"]
[Round "4.30"]
[White "Wiewiora, Eneasz"]
[Black "Malec, Sebastian"]
[Result "0-1"]
[WhiteElo "2118"]
[BlackElo "2210"]
[PlyCount "122"]
[EventDate "2010.??.??"]

1. Nf3 Nf6 2. c4 g6 3. d4 c5 4. Nc3 cxd4 5. Nxd4 Bg7 6. e4 d6 7. Be2 O-O 8. O-O
Nc6 9. Be3 Bd7 10. f3 Nxd4 11. Bxd4 a5 12. Qd2 Bc6 13. b3 Nd7 14. Be3 Nc5 15.
Rab1 Qb6 16. Qc2 Qb4 17. Bd2 Bd4+ 18. Kh1 Qb6 19. Rfd1 e5 20. Bh6 Rfe8 21. Nd5
Bxd5 22. cxd5 f6 23. Bd2 Rec8 24. Rdc1 Qd8 25. Qd1 f5 26. exf5 gxf5 27. Rc4 b5
28. Rc2 b4 29. Rc4 Qf6 30. Be1 f4 31. Rbc1 Rf8 32. R1c2 Rae8 33. Bf1 Qg6 34.
Rc1 Re7 35. R1c2 Rg7 36. Rc1 Rf5 37. Qc2 Qf6 38. Qe2 e4 39. Rd1 Be3 40. h3 Rh5
41. fxe4 Qg6 42. Qf3 Re7 43. g4 Nd7 44. Rc8+ Kg7 45. Bg2 Rh6 46. Rc7 Rf7 47.
Rxd7 Rxd7 48. h4 Re7 49. Rd3 Qf6 50. h5 Re5 51. Kh2 Qd8 52. Kh3 Qc8 53. Kh2 Rg5
54. Rxe3 fxe3 55. Bh3 Qc2+ 56. Kg3 Rhxh5 57. Qxe3 Qd1 58. Kf2 Qc2+ 59. Kf1 Rxg4
60. Qd4+ Kg6 61. Bf2 Rxh3 0-1

[Event "Cracovia 2010"]
[Site "Krakow"]
[Date "2010.12.30"]
[Round "4.31"]
[White "Lewtak, Damian"]
[Black "Swiech, Przemyslaw"]
[Result "1-0"]
[WhiteElo "2100"]
[BlackElo "2207"]
[PlyCount "81"]
[EventDate "2010.??.??"]

1. e4 c5 2. Nf3 Nc6 3. Nc3 e5 4. Bc4 Be7 5. O-O Nf6 6. d3 O-O 7. Bg5 d6 8. Bxf6
Bxf6 9. Nd5 Bg4 10. c3 g6 11. h3 Bxf3 12. Qxf3 Bg7 13. a3 Kh8 14. b4 f5 15. b5
fxe4 16. Qxe4 Ne7 17. Nxe7 Qxe7 18. g3 Rad8 19. Kg2 Qd7 20. Bd5 Qxb5 21. c4 Qb2
22. Bxb7 Rb8 23. Bd5 Rb3 24. Rae1 Rxa3 25. Re3 Qd4 26. Rf3 Qxe4 27. Bxe4 Rb8
28. Rf7 Ra2 29. h4 Rf8 30. Rd7 a5 31. g4 a4 32. Kg3 a3 33. Rb1 d5 34. cxd5
Raxf2 35. Rbb7 a2 36. Rxg7 R8f4 37. Rxh7+ Kg8 38. Rbg7+ Kf8 39. Ra7 Kg8 40.
Rhg7+ Kf8 41. Rgc7 1-0

[Event "Cracovia 2010"]
[Site "Krakow"]
[Date "2010.12.30"]
[Round "4.33"]
[White "Mucha, Roman"]
[Black "Macka, Oto"]
[Result "1/2-1/2"]
[WhiteElo "2166"]
[BlackElo "2025"]
[PlyCount "80"]
[EventDate "2010.??.??"]

1. d4 Nf6 2. c4 e6 3. Nf3 b6 4. g3 Ba6 5. Qc2 Bb4+ 6. Nbd2 Bb7 7. Bg2 Be4 8.
Qb3 Bxd2+ 9. Bxd2 O-O 10. O-O d6 11. Rfe1 Nbd7 12. Rad1 Qc8 13. Bc1 Qb7 14. Bf1
d5 15. Nd2 dxc4 16. Qxc4 Bc6 17. Qc2 e5 18. dxe5 Nxe5 19. b3 Ne4 20. Bb2 Rfe8
21. Nxe4 Bxe4 22. Qc3 f6 23. Rd2 Rad8 24. Red1 Rxd2 25. Rxd2 c5 26. Bh3 Bc6 27.
Qc1 Qe7 28. Bf5 g6 29. Bb1 Kg7 30. Qc3 Rd8 31. Rxd8 Qxd8 32. Bc2 Qd6 33. f4 Nd7
34. e4 Qe6 35. Qe3 a5 36. Bd3 b5 37. Qe2 c4 38. bxc4 bxc4 39. Bxc4 Qxe4 40.
Qxe4 Bxe4 1/2-1/2

[Event "Cracovia 2010"]
[Site "Krakow"]
[Date "2010.12.30"]
[Round "4.34"]
[White "Polok, Kacper"]
[Black "Adamowicz, Katarzyna"]
[Result "1/2-1/2"]
[WhiteElo "2089"]
[BlackElo "2139"]
[PlyCount "136"]
[EventDate "2010.??.??"]

1. e4 e5 2. Nf3 Nc6 3. Bb5 a6 4. Ba4 Nf6 5. Bxc6 dxc6 6. d3 Bd6 7. Nbd2 c5 8.
Nc4 Qe7 9. O-O Bd7 10. b3 Bg4 11. h3 Bh5 12. Bb2 Nd7 13. Ne3 O-O-O 14. Nf5 Qf8
15. g4 Bg6 16. Ng3 f6 17. Nd2 Qf7 18. Qf3 h5 19. Kg2 Nf8 20. Ne2 Ne6 21. Rh1
Bh7 22. Nc4 Rdf8 23. Qg3 Rhg8 24. f4 Nxf4+ 25. Nxf4 exf4 26. Nxd6+ cxd6 27.
Qxf4 Qd7 28. Raf1 d5 29. exd5 Qxd5+ 30. Qf3 Qg5 31. Bc1 Qe5 32. Re1 Qc3 33. Re2
Re8 34. Rhe1 Rxe2+ 35. Rxe2 hxg4 36. hxg4 Rd8 37. Bf4 Bg8 38. Bd2 Qd4 39. Qf5+
Kb8 40. Qf4+ Ka7 41. Be3 Qd5+ 42. Kg3 Qc6 43. b4 b6 44. bxc5 bxc5 45. Bf2 g5
46. Re7+ Ka8 47. Qc7 Qxc7+ 48. Rxc7 Bxa2 49. Bxc5 Bd5 50. Ra7+ Kb8 51. Rxa6 Rc8
52. Rb6+ Ka8 53. d4 Be4 54. Rxf6 Bxc2 55. Rf8 Kb7 56. Rxc8 Kxc8 57. Be7 Kd7 58.
Bxg5 Ke6 59. Kf4 Bg6 60. Bd8 Bd3 61. Bc7 Kd5 62. Be5 Ke6 63. Bh8 Bc2 64. Bg7
Kf7 65. Be5 Ke6 66. Kg5 Bd1 67. Bh8 Be2 68. Kh5 Bd1 1/2-1/2

[Event "Cracovia 2010"]
[Site "Krakow"]
[Date "2010.12.30"]
[Round "4.35"]
[White "Stanach, Fabian"]
[Black "Gorbatenko, Kateryna"]
[Result "1/2-1/2"]
[WhiteElo "2080"]
[BlackElo "2138"]
[PlyCount "25"]
[EventDate "2010.??.??"]

1. e4 c5 2. Na3 d5 3. Bb5+ Nc6 4. Qe2 a6 5. Bxc6+ bxc6 6. d3 g6 7. h3 Bg7 8. c3
Rb8 9. Nf3 Qc7 10. O-O e6 11. e5 Ne7 12. Re1 O-O 13. Rb1 1/2-1/2

[Event "Cracovia 2010"]
[Site "Krakow"]
[Date "2010.12.30"]
[Round "4.36"]
[White "Bukhteeva, Viktoria"]
[Black "Karagiannis, Dimitrios"]
[Result "1-0"]
[WhiteElo "2136"]
[BlackElo "1873"]
[PlyCount "49"]
[EventDate "2010.??.??"]

1. e4 e6 2. d4 d5 3. Nd2 dxe4 4. Nxe4 Bd7 5. Nf3 Bc6 6. Bd3 Nd7 7. O-O Ngf6 8.
Qe2 Be7 9. Rd1 Nxe4 10. Bxe4 Bxe4 11. Qxe4 c6 12. c4 Nf6 13. Qe2 O-O 14. Ne5
Qa5 15. Bd2 Bb4 16. Bg5 Be7 17. Rd3 Rad8 18. Rad1 Rfe8 19. a3 Nd7 20. Bd2 Qa6
21. Rg3 Bf6 22. Ng4 Bxd4 23. Bb4 c5 24. Rxd4 cxb4 25. Qd2 1-0

[Event "Cracovia 2010"]
[Site "Krakow"]
[Date "2010.12.30"]
[Round "4.37"]
[White "Mucha, Magdalena"]
[Black "Mrva, Vladimir"]
[Result "0-1"]
[WhiteElo "1846"]
[BlackElo "2128"]
[PlyCount "190"]
[EventDate "2010.??.??"]

1. e4 e5 2. Nf3 Nc6 3. Bc4 Bc5 4. c3 Nf6 5. d3 d6 6. Nbd2 a6 7. Bb3 Qe7 8. Qe2
Be6 9. Nf1 Bxb3 10. axb3 O-O 11. h3 a5 12. Ng3 Qe6 13. Qc2 g6 14. O-O Kg7 15.
Rd1 Bb6 16. Bg5 Ng8 17. d4 Qe8 18. Qd3 f6 19. Be3 exd4 20. Nxd4 Ne5 21. Qe2 Qf7
22. Qc2 Kh8 23. Re1 Rfd8 24. Rad1 Ne7 25. f4 N5c6 26. Nxc6 Bxe3+ 27. Rxe3 Nxc6
28. Ne2 Re8 29. Nd4 Ra6 30. Nxc6 Rxc6 31. Rd5 Ra6 32. Rd4 Rb6 33. c4 Rb4 34.
Rd5 b6 35. Kf2 Qg7 36. Qc3 Kg8 37. g3 Rf8 38. Kg2 Re8 39. Kf2 Qf7 40. Rd1 Kg7
41. Ra1 Qd7 42. Kg2 Qc6 43. Qd4 b5 44. Rc1 a4 45. Qd5 Qxd5 46. cxd5 Re7 47. Kf3
axb3 48. Rcc3 Rd4 49. Rcd3 Rexe4 50. Rxb3 Rxe3+ 51. Rxe3 Kf7 52. Rc3 Rxd5 53.
Rxc7+ Ke6 54. Ke3 Rc5 55. Rxh7 Rc2 56. g4 Rxb2 57. Ke4 Rb4+ 58. Ke3 Rb3+ 59.
Kd4 Rb4+ 60. Ke3 d5 61. Rb7 Re4+ 62. Kf3 b4 63. h4 Kd6 64. h5 gxh5 65. gxh5 Kc6
66. Rb8 Kc5 67. h6 Re7 68. Rc8+ Kd4 69. Rb8 Rh7 70. Rxb4+ Kc3 71. Rb6 Rxh6 72.
Rc6+ Kd3 73. Ra6 Kc4 74. Rc6+ Kd4 75. Ra6 Kc5 76. Ra5+ Kc4 77. Ra6 d4 78. Rc6+
Kd5 79. Rc8 f5 80. Rd8+ Kc4 81. Rc8+ Kd3 82. Rc5 Rh3+ 83. Kg2 Rh5 84. Kf3 Kd2
85. Ra5 d3 86. Ra2+ Kc1 87. Ra1+ Kb2 88. Ra7 Rh3+ 89. Kg2 Re3 90. Kf2 Re4 91.
Rb7+ Kc3 92. Rc7+ Rc4 93. Rd7 d2 94. Ke2 Re4+ 95. Kf2 Rd4 0-1

[Event "Cracovia 2010"]
[Site "Krakow"]
[Date "2010.12.30"]
[Round "4.38"]
[White "Kumor, Lukasz"]
[Black "Sandor, Lukas"]
[Result "1-0"]
[WhiteElo "2178"]
[BlackElo "1881"]
[PlyCount "89"]
[EventDate "2010.??.??"]

1. e4 e5 2. Nf3 Nc6 3. d4 exd4 4. Nxd4 Nf6 5. Nxc6 bxc6 6. e5 Nd5 7. c4 Nb6 8.
Nc3 d5 9. exd6 Bxd6 10. Be3 Qe7 11. Qf3 O-O 12. Be2 Bc5 13. Bxc5 Qxc5 14. b3
Bf5 15. O-O Rad8 16. Qf4 Rd6 17. Bf3 Bg6 18. Rfe1 Re6 19. Qxc7 Qd4 20. Ne2 Qf6
21. Qxa7 c5 22. Ng3 Rxe1+ 23. Rxe1 Qc3 24. Kf1 Qb4 25. Qe7 Nc8 26. Qd7 Nb6 27.
Qd6 Nc8 28. Qd1 Qb6 29. Qd2 h6 30. Bd5 Qc7 31. Qe3 h5 32. Qe5 Qb6 33. Nxh5 Bxh5
34. Qxh5 Qf6 35. Qe5 Qh6 36. h3 Nd6 37. Qe3 Qf6 38. Qxc5 Nf5 39. Qc7 Nd4 40.
Qe5 Qb6 41. Qe3 Qf6 42. Qe5 Qb6 43. Re4 Nc2 44. Rh4 Qb4 45. Rg4 1-0

[Event "Cracovia 2010"]
[Site "Krakow"]
[Date "2010.12.30"]
[Round "4.39"]
[White "Kireev, Andrey"]
[Black "Jacko, Vladimir"]
[Result "1-0"]
[WhiteElo "2127"]
[BlackElo "2068"]
[PlyCount "109"]
[EventDate "2010.??.??"]

1. e4 c5 2. Nc3 Nc6 3. g3 g6 4. Bg2 Bg7 5. d3 d6 6. f4 Nf6 7. Nf3 Bg4 8. h3
Bxf3 9. Qxf3 Nd4 10. Qf2 O-O 11. O-O Rb8 12. Nd1 Nd7 13. c3 Nc6 14. g4 Qc7 15.
Ne3 e6 16. Qh4 Qd8 17. Qxd8 Rfxd8 18. Nc4 Nb6 19. Ne3 d5 20. exd5 exd5 21. Nc2
Re8 22. Bf3 f5 23. g5 Kf7 24. Bd2 Ke6 25. b3 Kd6 26. Rab1 Nd7 27. a4 a6 28. c4
Nd4 29. Nxd4 Bxd4+ 30. Kg2 b5 31. a5 b4 32. Rbd1 dxc4 33. dxc4 Kc7 34. h4 Re7
35. h5 gxh5 36. Bxh5 Rg7 37. Kf3 h6 38. gxh6 Rh7 39. Bg6 Rxh6 40. Bxf5 Rf6 41.
Bxd7 Kxd7 42. Rh1 Kc6 43. Rh7 Rbf8 44. Ra7 Rh8 45. Rxa6+ Kc7 46. Rxf6 Bxf6 47.
Be3 Kc6 48. Rd5 Be7 49. f5 Bd6 50. f6 Rh3+ 51. Ke4 Rh4+ 52. Kd3 Rh3 53. Rf5 Bf8
54. f7 Bh6 55. Rf6+ 1-0